La reforma managerialista del estado (Registro nro. 6908)

Detalles MARC
000 -LEADER
fixed length control field 01589 a2200229 4500
001 - CONTROL NUMBER
control field 60337
005 - DATE AND TIME OF LATEST TRANSACTION
control field 20260407155853.0
008 - FIXED-LENGTH DATA ELEMENTS--GENERAL INFORMATION
fixed length control field 260407a2001 arg spa d
003 - CONTROL NUMBER IDENTIFIER
control field AR-UNSa-BCEJYS
040 ## - CATALOGING SOURCE
Original cataloging agency AR-UNSa-BCEJYS
Language of cataloging spa
Transcribing agency AR-UNSa-BCEJYS
080 ## - UNIVERSAL DECIMAL CLASSIFICATION NUMBER
Universal Decimal Classification number 35
Common auxiliary subdivision Administración Pública
020 ## - INTERNATIONAL STANDARD BOOK NUMBER
International Standard Book Number 987-1076-00-2
041 ## - LANGUAGE CODE
Language code of text/sound track or separate title spa
100 1# - MAIN ENTRY--PERSONAL NAME
Personal name Estévez, Alejandro M.
245 10 - TITLE STATEMENT
Title La reforma managerialista del estado
Name of part/section of a work Nueva gerencia pública, calidad total y tecnocracia
264 #1 - PRODUCTION, PUBLICATION, DISTRIBUTION, MANUFACTURE, AND COPYRIGHT NOTICE
Place of production, publication, distribution, manufacture Buenos Aires :
Name of producer, publisher, distributor, manufacturer Ediciones Cooperativas
Date of production, publication, distribution, manufacture, or copyright notice 2001
300 ## - PHYSICAL DESCRIPTION
Extent 180 p.
Dimensions 21 cm.
505 ## - FORMATTED CONTENTS NOTE
Formatted contents note 1. El peligro del institucionalismo ingenuo: Las reformas del Estado de "segunda generación" / Fabián Calle y Alejandro M. Estevez - 2. Una comparación entre la teoría del Nuevo Management Público y la Gestión de la Calidad total / Alejandro M. Estevez – 3. El Nuevo Management Público y su intento de aplicación en la Argentina / Alejandro M. Estevez y Débora Lopreite – 4. El subsidio a la educación privada en Argentina y Chile: un Estudio Comparativo / Juan Doberti – 5. Reforma del Estado: Tecnoburocracia y tipos culturales / Gustavo Blutman – 6. La viabilidad de la convertibilidad; una perspectiva política / Fabián Calle y Alejandro M. Estevez – 7. El sistema de las coaliciones defensoras; un estudio de políticas públicas aplicado a l convertibilidad / Alejandro M. Estevez y Horacio Minotti -
590 ## - LOCAL NOTE (RLIN)
Local note niveau_biblio:m niveau_hierar:0
856 41 - ELECTRONIC LOCATION AND ACCESS
Uniform Resource Identifier <a href="https://www.biblioeco.unsa.edu.ar/pmb/images/libros/L129086.jpg">https://www.biblioeco.unsa.edu.ar/pmb/images/libros/L129086.jpg</a>
Link text Imagen de portada
Electronic format type image/jpeg
942 ## - ADDED ENTRY ELEMENTS (KOHA)
Koha item type
Existencias
Withdrawn status Lost status Damaged status Not for loan Home library Current library Shelving location Date acquired Total checkouts Full call number Barcode Date last seen Price effective from Koha item type Public note
        Biblioteca Prof. Eusebio Cleto del Rey Biblioteca Prof. Eusebio Cleto del Rey   07/04/2026   35 E79 L129086 07/04/2026 07/04/2026 Libro SUBRAYADO CON RESALTADOR Y LAPICERA -